• 首页
  • 本馆介绍
  • 公告通知
  • 最新文献
  • 馆藏检索
  • 电子资源
  • 读者导购
  • 参考咨询
  • 我的图书馆
  • 登录
  • 详细信息显示
  • 放入我的书架
  • 预约/预借图书
  • 作者相关作品
  • 分类相关作品
  • 丛书相关作品
  • 出版社相关作品

书目信息

  • 表格格式
  • 工作单格式
  • 卡片格式
题名:
土地使用权评估
    
 
作者: 韩立英 主编
分册:  
出版信息: 北京   中国人民大学出版社  2003
页数: 362页
开本: 23cm
丛书名:
单 册:
中图分类: F301.24
科图分类:
主题词: 土地使用权--评估--教材 , 土地使用权
电子资源:
ISBN: 7-300-04832-3
000 00910nam0 2200265 450
000 00928nam0 2200265 450
000 00858nam0 2200241 450
000 00822nam0 2200229 45
005 20070610105805.59
010    @a7-300-04832-3@dCNY28.00
100    @a20070608d2003 em y0chiy0120 ea
101 0  @achi
102    @aCN@b110000
105    @ay z 000yy
200 1  @a土地使用权评估@ATu Di Shi Yong Quan Ping Gu@f韩立英主编@FHan Li Ying Zhu Bian
210    @a北京@c中国人民大学出版社@d2003
215    @a362页@d23cm
300    @a21世纪资产评估系列教材
330    @a本书阐述了土地使用权评估的基本知识、基本原理与方法,包括土地价格、地价影响因素、城市土地定级、路线价估价法、基准地价评估、宗地评估案例等内容。
606 0  @a土地使用权@x评估@j教材
606 0  @a土地使用权
690    @aF301.24@v4
701  0 @a韩立英@AHan Li Ying@4主编
801  0 @aCN@bTAOJIN@c20070610
905    @a10447@dF301.24@e21
    
    土地使用权评估/韩立英主编.-北京:中国人民大学出版社,2003
    362页;23cm
    21世纪资产评估系列教材
    
    ISBN 7-300-04832-3:CNY28.00
    本书阐述了土地使用权评估的基本知识、基本原理与方法,包括土地价格、地价影响因素、城市土地定级、路线价估价法、基准地价评估、宗地评估案例等内容。
●
相关链接 在E读中查询图书 在五车中查询图书 在当当中查询图书 在豆瓣中查询图书


正题名:土地使用权评估     索取号:F301.24/21         预约/预借

序号 登录号 条形码 馆藏地/架位号 状态 备注
1 0527876   205278769   第一样本阅览室/ [索取号:F301.24/21] 在馆    
2 0527877   205278778   第一借阅区/ [索取号:F301.24/21] 在馆    
3 0527878   205278787   密集书库/ [索取号:F301.24/21] 在馆    
4 0527879   205278796   密集书库/ [索取号:F301.24/21] 在馆    
5 0527880   205278803   第一借阅区/ [索取号:F301.24/21] 在馆    
6 0527881   205278812   第一借阅区/ [索取号:F301.24/21] 在馆    
7 0527882   205278821   密集书库/ [索取号:F301.24/21] 在馆    
8 0527883   205278830   第一借阅区/ [索取号:F301.24/21] 在馆    
唐山师范学院图书馆 欢迎您!
大连网信软件有限公司© 版权所有